No one writes to the colonel / (Record no. 63424)

MARC details
000 -LEADER
fixed length control field 00862nam a22002177a 4500
005 - DATE AND TIME OF LATEST TRANSACTION
control field 20120224115839.0
010 ## - LCCN (DPL NO)
LC control number B-446344
020 ## - INTERNATIONAL STANDARD BOOK NUMBER
International Standard Book Number 9780140157499
Terms of availability 225.00
035 ## - SYSTEM CONTROL NUMBER
System control number B-446344
037 ## - SOURCE OF ACQUISITION
Source of stock number/acquisition Blue Berry/Ven
082 ## - DEWEY DECIMAL CLASSIFICATION NUMBER
Classification number N
100 ## - MAIN ENTRY--PERSONAL NAME
Personal name Marquez,Gabriel Garcia
245 ## - TITLE STATEMENT
Title No one writes to the colonel /
Statement of responsibility, etc by Gabriel Garcia Marquez ; translated by J.S.Bernstein
260 ## - PUBLICATION, DISTRIBUTION, ETC. (IMPRINT)
Place of publication, distribution, etc New Delhi
Name of publisher, distributor, etc Penguin Books
Date of publication, distribution, etc 1996
270 ## - ADDRESS
Address 11 Community Centre,Panchsheel Park,
City New Delhi
Postal code 110017
300 ## - PHYSICAL DESCRIPTION
Extent 69p
Dimensions 20cm(pbk)
700 ## - ADDED ENTRY--PERSONAL NAME
Personal name Bernstein,J.S
9 (RLIN) 42986
942 ## - ADDED ENTRY ELEMENTS (KOHA)
Source of classification or shelving scheme Dewey Decimal Classification
Item type English Books
Call number suffix MAR
Classification part N
Holdings
Withdrawn status Lost status Not for loan Collection code Home library Current library Date acquired Source of acquisition Cost, normal purchase price Full call number Barcode Copy number Cost, replacement price Koha item type
      Fiction Central Library Central Library 05/03/2012 Blue Berry/7045/29.09.2011/06/15.09.2011.09.11.2011 225.00 N MAR B-446344 1 225.00 English Books

© Delhi Public Library
Hit Counter
free hit counter